书目信息 |
| 题名: |
企业文化管理
|
|
| 作者: | 易晓芳 , 陈洪权 主编 | |
| 分册: | ||
| 出版信息: | 武汉 华中科技大学出版社 2016.1 |
|
| 页数: | 281页 | |
| 开本: | 24cm | |
| 丛书名: | ||
| 单 册: | ||
| 中图分类: | F272-05 | |
| 科图分类: | ||
| 主题词: | 企业文化--qi ye wen hua--企业管理--高等学校--教材 | |
| 电子资源: | ||
| ISBN: | 978-7-5680-0843-3 | |
| 000 | 00955nam0 2200253 450 | |
| 001 | 0100004672 | |
| 005 | 20160426172737.1 | |
| 010 | @a978-7-5680-0843-3@dCNY40.80 | |
| 100 | @a20160307d2016 em y0chiy0121 ea | |
| 101 | 0 | @achi |
| 102 | @aCN@b420000 | |
| 105 | @aa a 000yy | |
| 106 | @ar | |
| 200 | 1 | @a企业文化管理@Aqi ye wen hua guan li@f主编易晓芳, 陈洪权 |
| 210 | @a武汉@c华中科技大学出版社@d2016.1 | |
| 215 | @a281页@c图@d24cm | |
| 320 | @a有书目 (第280-281页) | |
| 330 | @a本书主要内容包括: 企业文化综述、企业文化与企业形象识别、企业文化建设、企业文化评价、企业文化与企业竞争力、企业文化与人力资源管理、文化与企业文化、企业家文化与企业文化、东西方企业文化介绍、全球化背景下的企业文化等内容。 | |
| 606 | 0 | @a企业文化@Aqi ye wen hua@x企业管理@x高等学校@j教材 |
| 690 | @aF272-05@v5 | |
| 701 | 0 | @a易晓芳@Ayi xiao fang@4主编 |
| 701 | 0 | @a陈洪权@Achen hong quan@4主编 |
| 801 | 0 | @aCN@c20160515 |
| 905 | @a河南城建学院图书馆@dF272-05@eY555 | |
| 企业文化管理/主编易晓芳, 陈洪权.-武汉:华中科技大学出版社,2016.1 |
| 281页:图;24cm |
| ISBN 978-7-5680-0843-3:CNY40.80 |
| 本书主要内容包括: 企业文化综述、企业文化与企业形象识别、企业文化建设、企业文化评价、企业文化与企业竞争力、企业文化与人力资源管理、文化与企业文化、企业家文化与企业文化、东西方企业文化介绍、全球化背景下的企业文化等内容。 |
| ● |
| 相关链接 |
|
|
|
正题名:企业文化管理
索取号:F272-05/Y555
 
预约/预借
| 序号 | 登录号 | 条形码 | 馆藏地/架位号 | 状态 | 备注 |
| 1 | 1253444 | 212534444 | 社科库409/409社科库 87排4列1层/ [索取号:F272-05/Y555] | 在馆 | |
| 2 | 1253445 | 212534453 | 社科库409/409社科库 87排4列1层/ [索取号:F272-05/Y555] | 在馆 | |
| 3 | 1253446 | 212534462 | 社科库409/409社科库 87排4列1层/ [索取号:F272-05/Y555] | 在馆 |